| 000 | 00398pab a2200145 454500 | ||
|---|---|---|---|
| 008 | 180718b2015 xxu||||| |||| 00| 0 eng d | ||
| 100 | _aSitlhou, Hoineilhing | ||
| 245 | _aConfronting the state: land rights discourse in the hills of Manipur | ||
| 260 | _c2015 | ||
| 300 | _ap.70-77. | ||
| 362 | _a25 Jul | ||
| 650 | _aLand tenure | ||
| 773 | _aEconomic and Political Weekly | ||
| 909 | _a108511 | ||
| 999 |
_c108506 _d108506 |
||